| 000 | 00570nam a22001937a 4500 | ||
|---|---|---|---|
| 999 |
_c526173 _d526173 |
||
| 003 | NUST | ||
| 005 | 20190709063101.0 | ||
| 008 | 190709b ||||| |||| 00| 0 eng d | ||
| 038 | _aZahoor | ||
| 082 | _a510 | ||
| 100 |
_aNaeem, Rishi _917145 |
||
| 245 |
_aSome Advancement in Metric Dimension and Exchange Property for Resolving Seat / _cRishi Naeem |
||
| 260 |
_aIslamabad : _bCAMP - NUST, _c2013. |
||
| 300 |
_a83 p. ; _c30cm. |
||
| 500 | _aHardcover. | ||
| 650 |
_aMathematics - M.Phil Thesis _916594 |
||
| 700 |
_aDr. Muhammad Imran _916644 |
||
| 942 |
_2ddc _cTHE |
||